000 00788cab a2200241 4500
001 WB3210-17
008 090401t1996 xxu||||| |||| 00| 0 eng d
035 _a(Sirsi) u45101
041 _aeng
245 _aAffordable housing development
260 _c1996
350 _a0
490 _aPlanning (for the Natural and Built Environment)
_v(1158) 1 March 1996, 1(1)
520 _aReviews a draft DOE circular on affordable housing development which makes recommendations on development thresholds and the conversion of redundant offices into homes.
650 _aAffordable housing
_96215
650 _aCONVERSIONS
650 _aDEVELOPMENT THRESHOLDS
650 _aOFFICES
650 _aSOCIAL HOUSING
690 _aHOUSING-DEVELOPMENT
942 _n0
948 _c04/03/1997
999 _c28672
_d28672